| 000 | 01750nam0a2200337 4500 | ||
|---|---|---|---|
| 001 | RU\NLR\bibl\37281 | ||
| 005 | 20260405083740.0 | ||
| 010 |
_a5-7046-0397-1 _93000 |
||
| 021 |
_aRU _b99-15321 _9743 |
||
| 035 | _a(NLR Aleph) 000036323 | ||
| 090 |
_a186513 _c186513 |
||
| 100 | _a19990707d1999 |||y0rusy50 ca | ||
| 101 | 0 | _arus | |
| 102 | _aRU | ||
| 105 | _aa ||||||||| | ||
| 200 | 1 |
_aТаблицы теплофизических свойств воды и водяного пара _eСправ. _eТабл. рассчитаны по уравнениям Междунар. ассоц. по свойствам воды и водяного пара и рекомендованы Гос. службой стандарт. справ. данных ГСССД Р-776-98 _fА.А. Александров, Б.А. Григорьев |
|
| 210 |
_aМ. _cИзд-во МЭИ _d1999 |
||
| 215 |
_a158,[6] с. _cсхем. _d27 |
||
| 300 | _aНа 3-й с.: Кн. издана к столетию со дня рождения М.П. Вукаловича | ||
| 320 | _aБиблиогр.: с. 14 | ||
| 606 | 0 |
_aВода _jТаблицы _xТеплофизические свойства _91269081 _3RU\NLR\auth\66204382 |
|
| 606 | 0 |
_aПар _jТаблицы _xТеплофизические свойства _91841360 _3RU\NLR\auth\66833559 |
|
| 686 | _aЗ311.133я28 | ||
| 700 | 1 |
_4070 _8rus _7ca _aАлександров _bА.А. _cд-р техн. наук _gАлексей Александрович _3RU\NLR\auth\7730137 _913164 |
|
| 701 | 1 |
_aГригорьев _bБ. А. _gБорис Афанасьевич _4070 |
|
| 801 | 0 |
_aRU _bNLR _c19990707 _gPSBO |
|
| 801 | 1 |
_aRU _bNLR _c19990707 |
|
| 852 |
_aNLR _j99-8/873 |
||
| 942 | _cBOOK | ||
| 980 | _aNB | ||